00251nam a22001097a 4500003000400000020001800004082001400022100001600036245005200052260002900104300000800133SGT a9789386021571 a330bU17K aKUMAR, ARUN aUNDERSTANDING THE BLACK ECONOMY AND BLACK MONEY bALEPH BOOK COMPANYc2017 a144